Svapnavasavadattam (Record no. 363200)

MARC details
000 -LEADER
fixed length control field 003600000a22001570004500
005 - DATE AND TIME OF LATEST TRANSACTION
control field 20120302064832.0
040 ## - CATALOGING SOURCE
Original cataloging agency s/e
100 ## - MAIN ENTRY--PERSONAL NAME
Personal name Bhasac
245 ## - TITLE STATEMENT
Title Svapnavasavadattam
250 ## - EDITION STATEMENT
Edition statement 3rd (Rev)
260 ## - PUBLICATION, DISTRIBUTION, ETC. (IMPRINT)
Place of publication, distribution, etc Bombayt: A/R. Sheth & Co. , 1972
300 ## - PHYSICAL DESCRIPTION
Extent 160 p.
365 ## - TRADE PRICE
Price amount Rs.8/-
650 ## - SUBJECT ADDED ENTRY--TOPICAL TERM
Topical term or geographic name as entry element Drama/ Natak / Svapna / Vasavdatta
942 ## - ADDED ENTRY ELEMENTS (KOHA)
Koha item type Book
Holdings
Withdrawn status Lost status Damaged status Not for loan Home library Current library Date acquired Total Checkouts Barcode Date last seen Price effective from
        Institute For Oriental Study, Thane Institute For Oriental Study, Thane 12/02/2009   IOS-S/E 24255 12/02/2009 12/02/2009